Представление документа в формате RUSMARC

ПолеНазваниеЗначение
  Тип записи a
  Библиографический уровень a
001 Контрольный номер RU/CBS_Ul/BASE/527793010
005 Дата корректировки 20240209175205.2
100 Данные общей обработки __
a Данные общей обработки 20160921d2016 ||| 0rusy0189 ca
101 Язык документа 0_
a Язык текста rus
102 Страна публикации __
a Страна публикации RU
105 Кодированные данные (монография) __
a Кодированные данные (монография) y###||||000|y
200 Заглавие и сведения об ответственности 1_
a Заглавие МС-21 - передовые технологии, воплощённые в самолёт
b Общее обозначение материала Текст
e Сведения, относящиеся к заглавию [новый пассажирский самолёт МС-21]
300 Общие примечания __
a Общие примечания Ограничения по возрасту - 16+
461 Уровень набора _0
1 2000
a Крылья Родины
463 Уровень физической единицы _0
1 001RU/CBS_Ul/BASE/527785470
1 2000
a № 6
v С. 10-23 : фото
1 210
d 2016
606 Тематические рубрики 0_
a Основная рубрика МС-21, среднемагистральные пассажирские самолёты
610 Ключевые слова 0_
a Ключевые слова самолёты
a Ключевые слова пассажирские самолёты
a Ключевые слова среднемагистральные самолёты
a Ключевые слова МС-21 (самолёты)
a Ключевые слова узкофюзеляжные самолёты
a Ключевые слова Boeing 737 (самолёты)
a Ключевые слова Airbus A320 (самолёты)
a Ключевые слова двигатели авиационные
a Ключевые слова авиационные двигатели
a Ключевые слова ПД-14 (авиационные двигатели)
686 Индексы других классификаций __
a Классификационный индекс 39.53
2 Код системы ББК
801 Источник записи _0
a Страна RU
b Организация МБУК ЦБС г. Ульяновска
c Дата составления 20160921
g Правила каталогизации RCR
801 Источник записи _1
a Страна RU
b Организация МБУК ЦБС г. Ульяновска
c Дата составления 20160921
g Правила каталогизации RCR
901 Тип документа __
t Тип документа b
w Контрольный № источника RU/CBS_Ul/BASE/527785470
910 Корректоры записи __
a Корректор записи Библиотека 2
938 Служебная информация __
a Имя БД period